| 000 | 00448 a2200169 4500 | ||
|---|---|---|---|
| 005 | 20250613103947.0 | ||
| 020 | _a978-0-07-336743-9 | ||
| 082 | _a658.151EDM | ||
| 100 | _aEDMONDS, P. T. | ||
| 245 | _aFundamental Managerial Accounting Concepts | ||
| 250 | _a4th Ed. | ||
| 260 |
_aBoston, _bMcGraw-Hill Irwin, _c2008. |
||
| 300 |
_axxiii, 685p. _bGlossary and Index _c27 cm |
||
| 700 | _aBor-Yi Tsay | ||
| 700 | _aPhili R. Olds | ||
| 942 |
_2ddc _cBKS |
||
| 999 |
_c3622 _d3622 |
||